000 00289nam a22001337a 4500
008 170609b xxu||||| |||| 00| 0 eng d
020 _a9780876092743
041 _aeng
080 _a32
100 _a19
101 _aSHP
245 _aTHE PRICE OF DOMINANCE
_cLODAL, J
942 _2udc
_cBK
999 _c16754
_d16754